000 01161nam a2200241Ia 4500
999 _c49580
_d49580
001 16512
003 GE_BSU
005 20250123164200.0
008 181216s1989||||ge |||||||||||||| ||geo||
040 _cGE_BSU
041 _ageo
080 _a821.353.1-31 რ-71
100 _aრობაქიძე, გ. (გრიგოლ, 1881-1962)
_924103
245 _aგველის პერანგი ; ფალესტრა /
_cგრიგოლ რობაქიძე ; [რედ. : ავთანდილ ჩხიკვიშვილი].
264 _aთბილისი :
_bმერანი,
_c1989.
300 _a383 გვ. ;
_c22 სმ.
490 _aქართული საბჭოთა რომანი / სერიის შემდგ.-რედ. : გურამ გვერდწითელი, გურამ ფანჯიკიძე
541 _h10ლ.
653 _aგველის პერანგი ; ფალესტრა
653 _aრომანი
700 _aჩხიკვიშვილი, ავთანდილ
_eრედაქტორი
_924104
942 _cBK
_2udc